000 00543nam a2200181Ia 4500
008 100920s9999 xx 000 0 und d
082 _b61530
_a891.463.1 थ 94
100 _aकर्णिक मधुमंगेश.
245 _aचिवार.
260 _bनवचैतन्य प्रकाशन, मुंबई.
_c1994
300 _a149
_bसाधी
365 _b55
520 _aलघुकथा.
630 _aचिवार.
650 _aलघुकथा.
730 _aचिवार.
942 _cBOOK
999 _c704715
_d704712